000 00692nam a2200217Ia 4500
005 20221117113022.0
008 210716s2009 xx 000 0 und d
020 _a9780195694840
040 _cAIMIT LIBRARY
041 _aeng
082 _a005.368
_21
_bJAID
100 _aJain, Deepak.
_962452
245 _aSoftware engineering :
_bprinciples and practices /
_cBy Deepak Jain.
250 _a1st ed.
260 _aNew Delhi :
_bOxford University Press ,
_c2009.
300 _axii,507p.;
_c25 cm.
650 _asoftware requirements engineering
_962453
650 _asoftware testing
_962454
650 _aQuantifying software with metrics
_962455
942 _2ddc
_cBK
_e1st
_k005.368 JAID
999 _c189755
_d189755